les insectes - Statistiques

Statistiques générales
  • Ce quiz a été pris 18 fois
  • Le résultat moyen est 13 sur 16
Statistiques - réponses
Par images Réponse % Correct
coccinelle
100%
guêpe
100%
Libellule
100%
mouche
100%
moustique tigre
100%
papillon
100%
sauterelle
100%
fourmi
94%
mante religieuse
94%
criquet
76%
mygale
76%
scarabée
76%
veuve noire
71%
blatte
65%
punaise de lit
47%
katydid
0%
Aucun quiz correspondant
Distribution des résultats
% des personnes avec chaque résultat
Percentile par nombre de réponses
Votre historique - résultats
Vous n’avez pas pris ce quiz